Geografía : sexto grado
Guardado en:
| Autores Corporativos: | , |
|---|---|
| Otros Autores: | |
| Formato: | Libro |
| Lenguaje: | español |
| Publicado: |
México :
Secretaría de Educación Pública : Comisión Nacional de Libros de Texto Gratuito.,
c1999.
|
| Edición: | 2a. ed. |
| Catálogo: | MANES: Resultados de Búsqueda del Catálogo |
| Clasificación de libros de texto: |
|
| Colección: | Libro de texto gratuito
|
| Etiquetas: |
Agregar Etiqueta
Sin Etiquetas, Sea el primero en etiquetar este registro!
|
| Añadido a: | 1994-12-08 |
| Cambiado en: | 2025-05-08 |
MARC
| LEADER | 00000cam a2200000 a 4500 | ||
|---|---|---|---|
| 003 | OSt | ||
| 005 | 20250508092024.0 | ||
| 008 | 941209s1999 mx a f 100100 spa d | ||
| 020 | |a 9682953588 | ||
| 040 | |a CINV |c CINV | ||
| 050 | 0 | 4 | |a LTG LB1583 |b M49 6º 1999 |
| 051 | 0 | 4 | |a LTG LB1583-M49 6º 1999 |
| 110 | 2 | |a México. |b Subsecretaría de Educación Básica y Normal. |b Dirección General de Materiales y Métodos Educativos. |9 35624 | |
| 245 | 0 | 0 | |a Geografía : |b sexto grado / |c coordinación Hugo A. Brown Dalley. |
| 250 | |a 2a. ed. | ||
| 260 | |a México : |b Secretaría de Educación Pública : |b Comisión Nacional de Libros de Texto Gratuito., |c c1999. | ||
| 300 | |a 175 p. : |b il. ; |c 27 cm. | ||
| 440 | |a Libro de texto gratuito |9 21882 | ||
| 500 | |a Ciclo escolar 2000-2001. | ||
| 546 | |a México | ||
| 561 | |5 mx-CINVES |a México. DIE-Cinvestav (Ciudad de México) |k MANES | ||
| 691 | 0 | |a PRI | |
| 700 | 1 | |a Brown Dalley, Hugo A. |e coord. | |
| 710 | 2 | |a Comisión Nacional de Libros de Texto Gratuitos. (México) |9 24074 | |
| 910 | |a E-35015 |b Don.- 1999. | ||
| 911 | |a E-35015 | ||
| 942 | |2 ddc |c BK | ||
| 999 | |c 54599 |d 54599 | ||
| 999 | |c manes:54599 |d 54599 | ||